Agikuyu christian martyrs: an exploratory study of the faith of selected Agikuyu Christian martyrs during the mau mau period in Kenya (1952-1960) (M.A) thesis (Record no. 1459)

000 -LEADER
fixed length control field 00600nam a22001697a 4500
003 - CONTROL NUMBER IDENTIFIER
control field OSt
005 - DATE AND TIME OF LATEST TRANSACTION
control field 20150112200550.0
008 - FIXED-LENGTH DATA ELEMENTS--GENERAL INFORMATION
fixed length control field 150112b xxu||||| |||| 00| 0 eng d
050 ## - LIBRARY OF CONGRESS CALL NUMBER
Classification number BL 2480.K54.M2
100 ## - MAIN ENTRY--PERSONAL NAME
Personal name Mbugua, Johnson Ng'ang'a
245 ## - TITLE STATEMENT
Title Agikuyu christian martyrs: an exploratory study of the faith of selected Agikuyu Christian martyrs during the mau mau period in Kenya (1952-1960) (M.A) thesis
Statement of responsibility, etc Johnson Ng'ang'a Mbugua
260 ## - PUBLICATION, DISTRIBUTION, ETC. (IMPRINT)
Place of publication, distribution, etc South Africa
Name of publisher, distributor, etc South Africa Theological Seminary
Date of publication, distribution, etc 2011
300 ## - PHYSICAL DESCRIPTION
Extent 134p.
650 ## - SUBJECT ADDED ENTRY--TOPICAL TERM
Topical term or geographic name as entry element Religion
General subdivision Agikuyu
651 ## - SUBJECT ADDED ENTRY--GEOGRAPHIC NAME
Geographic name Kenya
942 ## - ADDED ENTRY ELEMENTS (KOHA)
Source of classification or shelving scheme
Koha item type Research Project
Holdings
Withdrawn status Lost status Source of classification or shelving scheme Damaged status Not for loan Home library Current library Shelving location Date acquired Total Checkouts Full call number Barcode Date last seen Price effective from Koha item type
          Riara University Library Riara University Library General stack 12/01/2015   BL 2480.K54.M2 5217/15 12/01/2015 12/01/2015 Research Project

Riara University Library,
P.O. Box 49940-00100,
Nairobi, Kenya.